000 01097nam a2200301 a 4500
001 12767
003 BD-JhCC
005 20230511081641.0
008 230511s2010 enk b |0|0 0|eng d
015 _aGBB075825
_2bnb
020 _a9780955746383 (cased) :
_c£12.99
020 _a0955746388 (cased) :
_c£12.99
020 _a9780955746390 (pbk.) :
_c£7.99
020 _a0955746396 (pbk.) :
_c£7.99
035 _a(BD-JhCC)12767
040 _aStDuBDS
_beng
_cStDuBDS
_dUk
_dUkOxU
_dBD-JhCC
042 _aukblsr
082 0 4 _a297.63
_223
_bABU 2010
245 0 0 _aAbout Muhammad :
_bthe other Western perspective on the prophet of Islam : a short anthology of Western writings on the prophet Muhammad : from the 18th century to the present /
_cedited with an introduction by Abdelwahab El-Affendi.
260 _aRichmond :
_bLegacy Pub.,
_cc2010.
300 _axxxiv, 107 p. ;
_c24 cm.
500 _aFormerly CIP.
_5Uk
504 _aIncludes bibliographical references.
600 0 0 _aMuḥammad,
_cProphet,
_d-632.
650 0 _aIslam.
700 1 _aEl-Affendi, Abdelwahab.
942 _2ddc
_cBK
999 _c12767
_d12767